<?xml version="1.0" encoding="UTF-8"?>
<collection xmlns="http://www.loc.gov/MARC21/slim">
 <record>
  <leader>00674pamaa2200193   4500</leader>
  <controlfield tag="001">0000014872</controlfield>
  <controlfield tag="005">20060809090000.0</controlfield>
  <datafield tag="020" ind1="0" ind2="0">
   <subfield code="a">1842775391 (pbk.) </subfield>
  </datafield>
  <datafield tag="090" ind1="0" ind2="0">
   <subfield code="a">HV8705 </subfield>
   <subfield code="b">STE 2006</subfield>
  </datafield>
  <datafield tag="100" ind1="1" ind2="0">
   <subfield code="a">STERN </subfield>
  </datafield>
  <datafield tag="245" ind1="1" ind2="0">
   <subfield code="a">Creating criminals : </subfield>
   <subfield code="b">prisons and people in a market society  </subfield>
   <subfield code="c">Vivien Stern.</subfield>
  </datafield>
  <datafield tag="260" ind1="0" ind2="0">
   <subfield code="a">New York: </subfield>
   <subfield code="b">Distributed in the USA by Palgrave Macmillan, </subfield>
   <subfield code="c">2006.</subfield>
  </datafield>
  <datafield tag="300" ind1=" " ind2=" ">
   <subfield code="a">ix, 208p.: </subfield>
   <subfield code="b">20cm.</subfield>
  </datafield>
  <datafield tag="440" ind1="0" ind2="0">
   <subfield code="a">Global issues</subfield>
  </datafield>
  <datafield tag="500" ind1="0" ind2="0">
   <subfield code="a">Includes bibliographical references and index</subfield>
  </datafield>
  <datafield tag="650" ind1="0" ind2="0">
   <subfield code="a">Crime prevention </subfield>
  </datafield>
  <datafield tag="650" ind1="0" ind2="0">
   <subfield code="a">Imprisonment </subfield>
  </datafield>
  <datafield tag="650" ind1="0" ind2="0">
   <subfield code="a">Criminal justice -- </subfield>
   <subfield code="x">Administration of </subfield>
  </datafield>
  <datafield tag="901" ind1=" " ind2=" ">
   <subfield code="u">http://www.loc.gov/catdir/enhancements/fy0629/2006041024-b.h&#13;
</subfield>
  </datafield>
 </record>
</collection>
